Development economics-1 (Record no. 11253)

MARC details
000 -LEADER
fixed length control field 00614nam a22002177a 4500
005 - DATE AND TIME OF LATEST TRANSACTION
control field 20211221115454.0
008 - FIXED-LENGTH DATA ELEMENTS--GENERAL INFORMATION
fixed length control field 211221b ||||| |||| 00| 0 eng d
020 ## - INTERNATIONAL STANDARD BOOK NUMBER
International Standard Book Number 9789391060794
040 ## - CATALOGING SOURCE
Original cataloging agency IN-DiNC
Transcribing agency IN-DiNC
041 ## - LANGUAGE CODE
Language code of sung or spoken text Assamese
082 ## - DEWEY DECIMAL CLASSIFICATION NUMBER
Classification number 338.9/
Item number DEV
245 ## - TITLE STATEMENT
Title Development economics-1
Remainder of title by Minati Gogoi Baruah and others
250 ## - EDITION STATEMENT
Edition statement 1st ed.
260 ## - PUBLICATION, DISTRIBUTION, ETC.
Place of publication, distribution, etc. Dibrugarh
Name of publisher, distributor, etc. Banalata
Date of publication, distribution, etc. 2021
300 ## - PHYSICAL DESCRIPTION
Extent 244p.
700 ## - ADDED ENTRY--PERSONAL NAME
Personal name Gogoi Baruah, Minati
Relator term Author
700 ## - ADDED ENTRY--PERSONAL NAME
Personal name Borah, Arindam
Relator term Author
700 ## - ADDED ENTRY--PERSONAL NAME
Personal name Neog, Brajen Chandra
Relator term Author
700 ## - ADDED ENTRY--PERSONAL NAME
Personal name Mahanta Hazarika, Bidisha
Relator term Author
942 ## - ADDED ENTRY ELEMENTS (KOHA)
Source of classification or shelving scheme Dewey Decimal Classification
Koha item type Books
Holdings
Withdrawn status Lost status Source of classification or shelving scheme Damaged status Not for loan Collection code Home library Current library Shelving location Date acquired Cost, normal purchase price Total Checkouts Full call number Barcode Date last seen Copy number Price effective from Koha item type Date last checked out
    Dewey Decimal Classification     Economics Central Library, Naharkatiya College Central Library, Naharkatiya College General Stacks 21/12/2021 280.00   338.9/ DEV 28783 21/12/2021 1 21/12/2021 Books  
    Dewey Decimal Classification     Economics Central Library, Naharkatiya College Central Library, Naharkatiya College General Stacks 21/12/2021 240.00 19 338.9/ DEV 28784 27/11/2025 2 21/12/2021 Books 04/09/2025
    Dewey Decimal Classification     Economics Central Library, Naharkatiya College Central Library, Naharkatiya College General Stacks 21/12/2021 280.00 15 338.9/ DEV 28785 17/11/2025 3 21/12/2021 Books 09/09/2025
    Dewey Decimal Classification     Economics Central Library, Naharkatiya College Central Library, Naharkatiya College General Stacks 21/12/2021 28786.00 25 338.9/ DEV 28786 15/11/2025 4 21/12/2021 Books 27/09/2025
    Dewey Decimal Classification     Economics Central Library, Naharkatiya College Central Library, Naharkatiya College General Stacks 21/12/2021 280.00 28 338.9/ DEV 28787 17/11/2025 5 21/12/2021 Books 18/08/2025

Naharkatiya College © 2020. All rights reserved.

Powered By